Seis catequesis para tiempos de nueva evangelización
Saved in:
| Main Author: | |
|---|---|
| Format: | Book |
| Language: | Spanish |
| Published: |
Santiago
San Pablo
1993
|
| Edition: | 1a. ed |
| Series: | Colección Nueva Evangelización
|
| Subjects: | |
| Tags: |
Add Tag
No Tags, Be the first to tag this record!
|
MARC
| LEADER | 00000nam a2200000 a 4500 | ||
|---|---|---|---|
| 001 | UCI1709 | ||
| 003 | CL-VaPUC | ||
| 008 | 070713e19930000CL |||||||||||||||||spa|d | ||
| 020 | |a 9562561127 | ||
| 082 | 0 | 4 | |a 268.6 |b MED |2 21 |
| 100 | |a Medina Estévez, Jorge |e autor |9 342953 | ||
| 245 | 1 | 0 | |a Seis catequesis para tiempos de nueva evangelización |
| 250 | |a 1a. ed | ||
| 300 | |a 83 p | ||
| 942 | |c BK | ||
| 945 | |d 20070713 00:00:00 |a jtorresc | ||
| 260 | |a Santiago |b San Pablo |c 1993 | ||
| 500 | |a Donación Padres Capuchinos | ||
| 650 | 7 | |a CATEQUESIS DE JOVENES |2 CL-VaPUC |9 257335 | |
| 650 | 7 | |a EDUCACION CRISTIANA |2 CL-VaPUC |9 308333 | |
| 650 | 0 | |a Archivo histórico PUCV |9 255554 | |
| 583 | |a last modification |c 20070713 00:00:00 |k Rodrigo Vera | ||
| 490 | 0 | |a Colección Nueva Evangelización | |
| 999 | |c 326466 |d 326464 | ||
| 952 | |0 0 |1 0 |4 0 |6 268_600000000000000_MED_1993 |7 0 |8 A |9 408362 |a BIBTEO |b BIBTEO |d 2019-11-22 |i 4244931 |o 268.6 MED 1993 |p 4244931 |r 2025-01-17 |w 2019-11-22 |y BK |k ICR | ||
| 952 | |0 0 |1 0 |4 0 |6 268_600000000000000_MED_1993 |7 0 |8 X |9 408363 |a FDOBUD |b FDOBUD |d 2019-11-22 |i 4407881 |o 268.6 MED 1993 |p 4407881 |r 2019-11-22 |w 2019-11-22 |y BK_X |k FHP | ||
| 952 | |0 0 |1 0 |4 0 |6 268_600000000000000_MED_1993 |7 0 |8 X |9 408364 |a FDOBUD |b FDOBUD |d 2019-11-22 |i 4546601 |o 268.6 MED 1993 |p 4546601 |r 2019-11-22 |w 2019-11-22 |y BK_X |k FHP | ||